| Tag |
First Indicator |
Second Indicator |
Subfields |
| LEADER |
00000cam a2200000 i 4500 |
| 001 |
in00000461621 |
| 005 |
20151012091256.0 |
| 008 |
770311s1974 nyu 00011 eng d |
| 035 |
|
|
|a (OCoLC)02794074
|
| 035 |
|
|
|9 ABY5559AM
|
| 040 |
|
|
|a BNG
|c BNG
|d TXA
|d UtOrBLW
|
| 049 |
|
|
|a TXAS
|c [1099762]
|
| 090 |
|
|
|a PZ1.A39
|b Sp 1974
|
| 100 |
1 |
|
|a Aldiss, Brian W.
|q (Brian Wilson),
|d 1925-
|
| 245 |
1 |
0 |
|a Space opera :
|b an anthology of way-back-when futures /
|c edited by Brian W. Aldiss.
|
| 250 |
|
|
|a Book Club ed.
|
| 264 |
|
1 |
|a Garden City, New York :
|b Doubleday,
|c [1974]
|
| 264 |
|
4 |
|c ©1974
|
| 300 |
|
|
|a xiii, 304 pages ;
|c 22 cm.
|
| 336 |
|
|
|a text
|b txt
|2 rdacontent
|
| 337 |
|
|
|a unmediated
|b n
|2 rdamedia
|
| 338 |
|
|
|a volume
|b nc
|2 rdacarrier
|
| 490 |
1 |
|
|a Doubleday science fiction
|
| 505 |
0 |
|
|a Sheckley, R. Zirn left unguarded.--Griffiths, G. Honeymoon in space.--Galouye, D. Tonight the sky will fall.--Hamilton, E. The star of life.--Sutton, J. After Ixmal.--Scortia, T. N. Sea change.--Dick, P. K. Colony.--Brackett, L. The sword of Rhiannon.--Bradbury, R. All summer in a day.--Vance, J. The Mitr.--Van Vogt, A. E. The storm.--Harness, C. The paradox men.--Garrett, R. Time fuze.--Asimov, I. The last question.
|
| 650 |
|
0 |
|a Science fiction, American.
|
| 830 |
|
0 |
|a Doubleday science fiction.
|
| 999 |
|
|
|a MARS
|
| 999 |
f |
f |
|s 31a7f17e-94b5-3001-b3aa-398102b7e537
|i 42096820-bda3-343f-af86-9f55a6966eaa
|t 0
|
| 952 |
f |
f |
|p noncirc
|a Texas A&M University
|b College Station
|c Cushing Memorial Library & Archives
|d Cushing: Science Fiction (Does not check out)
|t 0
|e PZ1.A39 Sp 1974
|h Library of Congress classification
|i unmediated -- volume
|m A14800396220
|
| 998 |
f |
f |
|a PZ1.A39 Sp 1974
|t 0
|l Cushing: Science Fiction (Does not check out)
|